000 00629nam a22002177a 4500
003 UA-OsUOA
001 67782
007 ta
008 20100311b un ||||| |||| 00| 0 ukr d
100 _aОсьмак Н.
090 _a94(477)
_bО-79
942 _cSA
040 _aUA-OsUOA
_bukr
_cUA-OsUOA
_dUA-OsUOA
245 _a"Кого непоставимо на коліна - перестріляємо". 80 років процесу "СВУ"
300 _aС.8
955 _a0
041 _aukr
080 _a94(477)
773 0 _w67781
650 7 _a9 Географія. Біографії. Історія
_2UDC
999 _c353907
_d353907